00321pam a2200121 a 4500020000500000041000500005082002800010100002300038245006400061250001100125260005200136300001100188 c h a6.5999999999999996bSTE aSteven, Harrington aComputer Graphics A Programming ApproachhTextual Documents a2nd ed aAmericabMcgraw Hill Book Company Limitedc2008 axiv466